000 00494nam a2200193Ia 4500
005 20250508162122.0
008 008 250505s9999 xx 000 0 hin d
037 _aTextual
040 _aFEDL
_beng
_cFEDL
041 _ahin
_2hin
084 _a370, GAN
_qFEDL
100 _aGandhi Mahatma
245 0 _aVidyarathi se
260 _aBanaras, India
_bSri Gandhi Granthagar
300 _a248p.
650 _aEducation
942 _cTEXL
_h370, GAN
999 _c1374493
_d1374493